000 00520nam a2200181Ia 4500
999 _c11390
_d11390
003 OSt
005 20191226145031.0
008 190216s9999||||xx |||||||||||||| ||und||
020 _a9788126158232
040 _coclc
082 _a338.1
_bSAH/E
100 _aSah, Shankar
_9804
245 0 _aEncyclopaedia Of Agricultural Economics /
_cShankar Sah
260 _bAnmol Publications,
_c2014.
_aNew Delhi:
300 _a296p
650 _aEconomics
942 _cBK
_2ddc
_h338.1
_iSAH/E
_k338.1
_mSAH/E